| 000 | 00727nam a22002417i 4500 | ||
|---|---|---|---|
| 003 | URS | ||
| 005 | 20220114153041.0 | ||
| 008 | 160602b xxu||||| |||| 00| 0 eng d | ||
| 020 | _a9789715065757 | ||
| 040 |
_erda _cURSP-College Library _beng |
||
| 050 |
_aPL6063.S71 _b899.2101 Sa5a 2010 |
||
| 100 | 1 | _aSanchez, Louie Jon A. | |
| 245 |
_aAt sa Tahanan ng Alabok _cSanchez, Louie Jon A. |
||
| 264 | 1 |
_aManila _bUST Pub.House _c2010. |
|
| 300 |
_axii, 69pages _c23cm |
||
| 336 |
_atext _btxt _2rdacontent |
||
| 337 |
_aunmediated _bn _2rdamedia |
||
| 338 |
_avolume _bnc _2rdacarrier |
||
| 500 | _aIncludes | ||
| 650 | 0 | _aPhilippine poetry (Filipino). | |
| 650 | 0 | _aPhilippine poetry (Filipino) - Collections. | |
| 942 |
_2lcc _cF |
||
| 999 |
_c8079 _d8079 |
||